000 01943nam a2200385Ia 4500
005 20220317000955.0
008 160825s2004 ck g 000 0 spa
020 _a9789582005012
082 0 4 _a370.115
_bE28
245 1 0 _aEducación para la paz
_buna pedagogía para consolidar la democracia social y participativa
_cAntanas Mockus ... [y otros cinco]
250 _a1a. edición
_b1a. reimpresión
300 _a378 páginas
_c21 cm
490 _aMesa redonda
500 _aIncluye bibliografía
505 _aCambio cultural voluntario hacia la paz -- Los imaginarios de ciudadanía en los medios de comunicación -- En busca de una cultura para la paz -- La formación para la convivencia y los derechos del niño -- La etnoeducación: una opción democrática -- La conciliación como cultura ciudadana -- Liderazgo educativo -- Pedagogías frente al conflicto social y educativo
650 1 4 _2LEMB
_aEducación para la paz
650 1 4 _2LEMB
_aLuchas sociales y educación
650 1 4 _2LEMB
_aEducación cívica
_zColombia
650 1 4 _2LEMB
_aDemocracia participativa
650 1 4 _2LEMB
_aEtnoeducación
650 1 4 _2LEMB
_aParticipación ciudadana
650 1 4 _2LEMB
_aConvivencia ciudadana
700 1 _aMockus Sivickas, Antanas
_d1952-
_963898
700 1 _aCajiao Restrepo, Francisco A.
_d1947-
_963899
700 1 _aMejía J., Marco Raúl
_963900
700 1 _aJaramillo, Rosario
_963901
700 1 _aBermúdez, Angela
_963902
740 _aCambio cultural voluntario hacia la paz
_aLos imaginarios de ciudadanía e los medios de comunicación
_aEn busca de una cultura la paz
_aEl desarrollo de las explicaciones históricas en niños, adolescentes y adultos
_aLa formaci{
942 _2ddc
_cBK
264 _aBogotá
_bMagisterio
_c2004
336 _atexto
_btxt
_2rdacontent
337 _asin mediación
_bn
_2rdamedia
338 _avolumen
_bnc
_2rdacarrier
040 _aCO-BoRNBP
_bspa
_erda
_cCO-BoRNBP
999 _c5563
_d5563